| 000 | 01105nam0a22002891 4500 | ||
|---|---|---|---|
| 001 | rc\129686 | ||
| 005 | 20250328113846.0 | ||
| 010 |
_a5-02-002168-7 _9370 |
||
| 035 | _a(NLR Aleph) 005404554 | ||
| 090 |
_a7308780 _c7308780 |
||
| 100 | _a20030307d1991 u |0rusy50 ca | ||
| 101 | 0 | _arus | |
| 102 | _aRU | ||
| 105 | _aa ||||||||| | ||
| 200 | 1 |
_aСтратиграфия верхнего мезозоя Тихого океана _fОтв. ред. Н.А. Богданов _gАН СССР. Ин-т литосферы. Междунар. циркум-тихоокеан. совет по энерг. и минер. ресурсам |
|
| 210 |
_aМ. _cНаука _d1991 |
||
| 215 |
_a199, [1] с., [13] л. ил. _cил. _d22 |
||
| 300 | _aРез.: англ. | ||
| 320 | _aБиблиогр.: с. 179-191 | ||
| 700 | 1 |
_aБасов _bИ. А. _f1943-2017 _gИван Алексеевич _4070 |
|
| 701 | 1 |
_aВишневская _bВ. С. _gВалентина Сергеевна |
|
| 801 | 0 |
_aRU _bNLR _gpsbo |
|
| 801 | 1 |
_aRU _bELAR _2rusmarc |
|
| 852 |
_aNLR _j91-5/1806 |
||
| 942 | _cBOOK | ||
| 980 | _aNB | ||